[Event "Sterlitamak-ch U16 Girls 2"]
[Site "Sterlitamak"]
[Date "2016.08.17"]
[Round "1"]
[White "Gupalo, Anastasya"]
[Black "Kaspranova, Aigul"]
[Result "1/2-1/2"]
[WhiteElo "1340"]
[BlackElo "1662"]
[PlyCount "88"]
[EventDate "2016.08.17"]
[EventType "tourn"]
[EventRounds "9"]
[EventCountry "RUS"]
[SourceTitle "EXT 2022"]
[Source "ChessBase"]
[SourceDate "2021.10.06"]
[SourceVersion "1"]
[SourceVersionDate "2021.10.06"]
[SourceQuality "1"]

1. e4 e5 2. Nf3 Nf6 3. Nxe5 d6 4. Nf3 Nxe4 5. d4 d5 6. Bf4 Bd6 7. Bg3 0-0 8. Bd3 Bf5 9. 0-0 Nc6 10. c3 Re8 11. Bxd6 Qxd6 12. Nh4 Bg6 13. Nxg6 fxg6 14. Nd2 Nxd2 15. Qxd2 Re7 16. Rfe1 Rae8 17. Re2 Qf6 18. Rae1 Rxe2 19. Rxe2 Rxe2 20. Qxe2 Qe7 21. Kf1 Qxe2+ 22. Kxe2 Kf7 23. Ke3 Kf6 24. h4 Ne7 25. g3 Nf5+ 26. Kf4 Ne7 27. Be2 Nf5 28. Bg4 Nd6 29. Be2 Nf5 30. Bg4 Nd6 31. Be2 Nf5 32. Bg4 Ne7 33. Be2 Nc6 34. Bd3 Ne7 35. Ke3 Nf5+ 36. Kf4 Nd6 37. Ke3 Nf7 38. g4 Nd6 39. Kf4 Nf7 40. g5+ Ke6 41. f3 c6 42. Ke3 Kd6 43. b3 b6 44. c4 Nd8 1/2-1/2

[Event "Sterlitamak-ch U19"]
[Site "Sterlitamak"]
[Date "2016.04.17"]
[Round "4.2"]
[White "Gupalo, Anastasya"]
[Black "Fakhritdinova, Elvina"]
[Result "0-1"]
[WhiteElo "1347"]
[BlackElo "1531"]
[PlyCount "58"]
[EventDate "2016.04.11"]
[EventType "swiss"]
[EventRounds "9"]
[EventCountry "RUS"]
[SourceTitle "EXT 2022"]
[Source "ChessBase"]
[SourceDate "2021.10.06"]
[SourceVersion "1"]
[SourceVersionDate "2021.10.06"]
[SourceQuality "1"]

1. e4 c6 2. d4 d5 3. exd5 Qxd5 4. Nc3 Qa5 5. Bd3 Nf6 6. Bf4 Nd5 7. Bd2 Nxc3 8. Bxc3 Qc7 9. Nf3 Bg4 10. Be4 e6 11. Qd3 f5 12. Nh4 fxe4 13. Qxe4 Bh5 14. g4 Bg6 15. Nxg6 hxg6 16. Qxg6+ Qf7 17. Qe4 Bd6 18. h3 Nd7 19. Bd2 Nf6 20. Qe2 Nd5 21. 0-0-0 0-0-0 22. Rde1 Rde8 23. c4 Nf4 24. Qf3 Rhf8 25. Re4 Ng6 26. Qe2 Qxf2 27. Re1 Qxe2 28. R4xe2 Nf4 29. Re4 Nd3+ 0-1

[Event "Tuimazy RB-ch Girls 02/03"]
[Site "Tuimazy"]
[Date "2015.08.18"]
[Round "5"]
[White "Gupalo, Anastasya"]
[Black "Chemborisova, Elina"]
[Result "0-1"]
[WhiteElo "1347"]
[BlackElo "1760"]
[PlyCount "122"]
[EventDate "2015.08.18"]
[EventType "tourn"]
[EventRounds "6"]
[EventCountry "RUS"]
[SourceTitle "EXT 2022"]
[Source "ChessBase"]
[SourceDate "2021.10.06"]
[SourceVersion "1"]
[SourceVersionDate "2021.10.06"]
[SourceQuality "1"]

1. e4 e5 2. Nf3 d6 3. Bc4 Be7 4. d4 exd4 5. Nxd4 Nf6 6. Nc3 0-0 7. Be3 c6 8. Qd2 b5 9. Bd3 b4 10. Nce2 c5 11. Nf3 Qc7 12. c4 Nc6 13. 0-0 Ng4 14. Bf4 Nge5 15. Nxe5 Nxe5 16. Ng3 Rd8 17. Be2 Be6 18. b3 Nc6 19. Qe3 Nd4 20. Bd3 Bf6 21. Bg5 Qe7 22. Bxf6 Qxf6 23. Nh5 Qe5 24. Nf4 Re8 25. Qg3 g6 26. Rfe1 a5 27. Re3 a4 28. Rb1 axb3 29. axb3 Ra3 30. Nxe6 Qxg3 31. hxg3 fxe6 32. Be2 Rea8 33. Bg4 Kf7 34. Kf1 Ra1 35. Ree1 R1a3 36. Bd1 Ra2 37. Re3 R8a3 38. Ke1 Ke7 39. Rd3 Kd7 40. Rd2 Ra1 41. Rdb2 Rxb1 42. Rxb1 Ra2 43. Kf1 Kc6 44. Ke1 d5 45. exd5+ exd5 46. Bf3 Nxf3+ 47. gxf3 dxc4 48. bxc4 Rc2 49. Rb3 Rxc4 50. Kd2 Kb5 51. Kd3 Rd4+ 52. Ke3 Rd7 53. Rd3 Rxd3+ 54. Kxd3 c4+ 55. Kc2 b3+ 56. Kb2 Kb4 57. f4 c3+ 58. Kb1 b2 59. Kc2 Kc4 60. Kb1 Kb3 61. f3 c2# 0-1

[Event "Tuimazy RB-ch Girls 02/03"]
[Site "Tuimazy"]
[Date "2015.08.18"]
[Round "7"]
[White "Gupalo, Anastasya"]
[Black "Kaspranova, Aigul"]
[Result "0-1"]
[WhiteElo "1347"]
[BlackElo "1478"]
[PlyCount "122"]
[EventDate "2015.08.18"]
[EventType "tourn"]
[EventRounds "6"]
[EventCountry "RUS"]
[SourceTitle "EXT 2022"]
[Source "ChessBase"]
[SourceDate "2021.10.06"]
[SourceVersion "1"]
[SourceVersionDate "2021.10.06"]
[SourceQuality "1"]

1. e4 d5 2. exd5 Qxd5 3. Nc3 Qa5 4. Nf3 Nf6 5. Bc4 Bf5 6. d3 c6 7. Bf4 e6 8. 0-0 Be7 9. Qd2 0-0 10. Nd5 Bd8 11. Nxf6+ gxf6 12. c3 Be7 13. d4 Rd8 14. Nh4 Bg6 15. Nxg6 hxg6 16. Qe2 Bd6 17. Be3 Qc7 18. g3 Nd7 19. Bd3 Nb6 20. b3 Nd5 21. Qe1 Be7 22. f4 f5 23. Bd2 Bf6 24. h4 Ne7 25. Be2 Rd7 26. Bf3 Rad8 27. Be3 Nd5 28. Bf2 Qa5 29. c4 Qxe1 30. Rfxe1 Nc7 31. Rad1 Bxd4 32. Bxd4 Rxd4 33. Kf2 Rxd1 34. Rxd1 Rxd1 35. Bxd1 Kf8 36. Ke3 c5 37. Bf3 b6 38. Bb7 Ke7 39. a3 Ne8 40. Bf3 Nf6 41. Kd3 Kd6 42. Ke3 Ne8 43. Kd3 Nc7 44. Bb7 Ne8 45. Bf3 Nf6 46. b4 Nd7 47. b5 e5 48. fxe5+ Nxe5+ 49. Ke2 Nxc4 50. a4 Nb2 51. Ke3 Nxa4 52. Kd3 c4+ 53. Kxc4 Nc5 54. Kd4 Ne6+ 55. Kc4 Ke5 56. Kd3 Nd4 57. Bc6 Nxc6 58. bxc6 Kd6 59. c7 Kxc7 60. Kc4 Kc6 61. Kd4 Kd6 0-1